00297nam a2200109Ia 45000010005000000080041000050200018000460820019000641000017000832450066001002600021001661828241024s9999 xx 000 0 und d a84-8400-992-0 aRD/460/V857c/5 aVicens Vives 0aLengua y Literatura 5to. curso. Cuaderno de actividades Len 5 bEd. Tallerc1999